Loading...

History for UGC-NET/SLET and other competitive examinations : objective type questions /

Bibliographic Details
Format: Printed Book
Language:English
Published: New Delhi : Atlantic, 2013
Edition:2nd ed.
Subjects:
LEADER 00582 a2200157 4500
008 131007b xxu||||| |||| 00| 0 eng d
020 |a 9788126917716 
082 |a 900.76U 
245 |a History for UGC-NET/SLET and other competitive examinations :  |b objective type questions / 
250 |a 2nd ed. 
260 |c 2013  |b Atlantic,  |a New Delhi : 
300 |a 781p. ;  |c 24 cm 
650 |a UGC-NET/SLET  |v History 
942 |2 ddc  |c BK 
999 |c 100417  |d 100417 
952 |0 0  |1 0  |2 ddc  |4 0  |6 900_000000000000000_76U_HIS  |7 0  |9 100177  |a UL  |b UL  |c REF  |d 2013-06-07  |e 2  |g 507.35  |o 900.76U HIS  |p 89179  |r 2013-09-02  |v 695.00  |y REF